00376nam a2200145Ia 4500008004100000020001500041041001200056082001600068100001700084245007000101250000800171260002500179300000800204650001800212221030s9999 xx 000 0 und d a007048368X aEnglish a105.23bRaj aA. B. C. Raj 0aCorporate Financial Management : An Introductioncby A. B. C. Raj a3rd bTMHaNew Delhic2002 a198 aBE Management